[Event "2.BLO 1617 SC Forchheim - SK Passau"]
[Site "?"]
[Date "2016.12.03"]
[Round "5.1"]
[White "Velicka, Petr"]
[Black "Jirovsky, Milos"]
[Result "1/2-1/2"]
[WhiteElo "2437"]
[BlackElo "2441"]
[PlyCount "32"]
[EventDate "2016.??.??"]

{H-H (Event "2. BLO SC Forchheim - SK Passau")} 1. e4 c5 2. Nf3 Nc6 3. Bb5 g6
4. Bxc6 bxc6 5. O-O Bg7 6. Re1 Nh6 7. c3 O-O 8. h3 f6 9. d4 cxd4 10. cxd4 Nf7
11. Nc3 d6 12. b3 Qa5 13. Bb2 Bd7 14. Rc1 Rfe8 15. Rc2 Rab8 16. Nd2 Qg5 1/2-1/2

[Event "2.BLO 1617 SC Forchheim - SK Passau"]
[Site "?"]
[Date "2016.12.03"]
[Round "5.2"]
[White "Jansa, Vlastimil"]
[Black "Suran, Jan"]
[Result "1-0"]
[WhiteElo "2419"]
[BlackElo "2425"]
[PlyCount "73"]
[EventDate "2016.??.??"]

{H-H (Event "2. BLO SC Forchheim - SK Passau")} 1. e4 c5 2. Nf3 Nc6 3. Bb5 Nf6
4. Nc3 Qc7 5. O-O a6 6. Bxc6 dxc6 7. e5 Nd5 8. h3 Bf5 9. d3 h6 10. Ne4 e6 11.
Qe2 O-O-O 12. c4 Bxe4 13. Qxe4 Ne7 14. Bd2 Nf5 15. Bc3 Be7 16. a3 Rd7 17. b4
Rhd8 18. Rfd1 Nd4 19. Bxd4 cxd4 20. Rab1 Kb8 21. a4 Ka7 22. b5 Bc5 23. a5 cxb5
24. cxb5 Qxa5 25. Nd2 Bb4 26. bxa6 bxa6 27. Nc4 Qc5 28. Rdc1 Bc3 29. Rb3 Qd5
30. Qg4 Rb8 31. Rxb8 Kxb8 32. Nb6 Qb5 33. Nxd7+ Qxd7 34. Qxg7 Bd2 35. Qf8+ Ka7
36. Qc5+ Ka8 37. Rb1 1-0

[Event "2.BLO 1617 SC Forchheim - SK Passau"]
[Site "?"]
[Date "2016.12.03"]
[Round "5.3"]
[White "Weiss, Christian"]
[Black "Rupprecht, Andreas"]
[Result "1/2-1/2"]
[WhiteElo "2362"]
[BlackElo "2424"]
[PlyCount "72"]
[EventDate "2016.??.??"]

{H-H (Event "2. BLO SC Forchheim - SK Passau")} 1. c4 e5 2. g3 c6 3. Bg2 d5 4.
cxd5 cxd5 5. d4 e4 6. f3 Nf6 7. fxe4 Nxe4 8. Nf3 Bb4+ 9. Bd2 Nxd2 10. Nbxd2 Nc6
11. O-O O-O 12. a3 Ba5 13. e3 Qe7 14. Qe2 Re8 15. Rae1 Bg4 16. Qd3 Rad8 17. b4
Bb6 18. Nb3 Bh5 19. Nh4 Bg6 20. Nxg6 hxg6 21. Nc5 a5 22. Qb5 Bxc5 23. bxc5 Rd7
24. Qb3 Qe6 25. Qc3 Rde7 26. Re2 Qg4 27. Bf3 Qg5 28. Rfe1 Qf6 29. Kg2 Qg5 30.
Qb3 Rd8 31. Qd3 Re6 32. h4 Qe7 33. Rb1 a4 34. Bg4 Re4 35. Bf3 Re6 36. Bg4 Re4
1/2-1/2

[Event "2.BLO 1617 SC Forchheim - SK Passau"]
[Site "?"]
[Date "2016.12.03"]
[Round "5.4"]
[White "Ott, Florian"]
[Black "Hiermann, Dietmar"]
[Result "1/2-1/2"]
[WhiteElo "2325"]
[BlackElo "2269"]
[PlyCount "108"]
[EventDate "2016.??.??"]

{H-H (Event "2. BLO SC Forchheim - SK Passau")} 1. d4 Nf6 2. c4 e6 3. Nc3 d5 4.
cxd5 exd5 5. Bg5 c6 6. e3 Be7 7. Bd3 Nbd7 8. Nf3 O-O 9. Qc2 Re8 10. h3 Nf8 11.
O-O Nh5 12. Bxe7 Qxe7 13. Rab1 g6 14. b4 Be6 15. b5 cxb5 16. Rxb5 Nf6 17. Rbb1
Rec8 18. Qb2 Rab8 19. Rfc1 Qd8 20. Qa3 a6 21. Ne2 Rxc1+ 22. Rxc1 Rc8 23. Rb1
Rc7 24. Nf4 Qc8 25. Ne5 N6d7 26. Be2 Nxe5 27. dxe5 Nd7 28. Bf3 Rc5 29. Rd1 Qc6
30. Nd3 Rc3 31. Qe7 Rxd3 32. Rxd3 Nxe5 33. Rd1 Nxf3+ 34. gxf3 Qc2 35. Rd4 Qxa2
36. Qxb7 Kg7 37. Qb8 a5 38. Qe5+ Kf8 39. Kg2 h5 40. e4 Qe2 41. Qh8+ Ke7 42.
exd5 Bxh3+ 43. Kg3 Bf5 44. d6+ Kd7 45. Rd5 Qe1 46. Qd4 Qg1+ 47. Kf4 f6 48. Qxf6
Qc1+ 49. Kg3 h4+ 50. Qxh4 Qg1+ 51. Kf4 Qc1+ 52. Ke5 Qe1+ 53. Kf4 Qc1+ 54. Ke5
Qe1+ 1/2-1/2

[Event "2.BLO 1617 SC Forchheim - SK Passau"]
[Site "?"]
[Date "2016.12.03"]
[Round "5.5"]
[White "Pflug, Matthias"]
[Black "Seyb, Alexander"]
[Result "1-0"]
[WhiteElo "2265"]
[BlackElo "2411"]
[PlyCount "59"]
[EventDate "2016.??.??"]

{H-H (Event "2. BLO SC Forchheim - SK Passau")} 1. e4 c5 2. Nf3 d6 3. d4 cxd4
4. Nxd4 Nf6 5. Nc3 a6 6. Bc4 e6 7. Bb3 b5 8. Bg5 h6 9. Bxf6 Qxf6 10. O-O g5 11.
Re1 Bg7 12. Nf5 exf5 13. exf5+ Kd8 14. Ne4 Qxb2 15. Qxd6+ Nd7 16. c3 Re8 17.
Rad1 Be5 18. Qb6+ Ke7 19. Qxh6 Kd8 20. Qb6+ Ke7 21. Qh6 Kd8 22. Bxf7 Rh8 23.
Qb6+ Ke7 24. Qe6+ Kf8 25. Bg6 Bxh2+ 26. Kf1 Kg7 27. Rxd7+ Bxd7 28. Qf6+ Kh6 29.
Bf7+ Kh7 30. Qg6# 1-0

[Event "2.BLO 1617 SC Forchheim - SK Passau"]
[Site "?"]
[Date "2016.12.03"]
[Round "5.6"]
[White "Heidrich, Manfred"]
[Black "Hellmayr, Alois"]
[Result "1-0"]
[WhiteElo "2362"]
[BlackElo "2223"]
[PlyCount "157"]
[EventDate "2016.??.??"]

{H-H (Event "2. BLO SC Forchheim - SK Passau")} 1. e4 c5 2. c3 d5 3. exd5 Qxd5
4. d4 e6 5. Nf3 Nf6 6. Be2 cxd4 7. Nxd4 Bc5 8. O-O O-O 9. Bf3 Qd6 10. Nb3 Nc6
11. Bg5 Qxd1 12. Rxd1 Be7 13. N1d2 Ne5 14. Be2 Bd7 15. Nf3 Nxf3+ 16. Bxf3 Bc6
17. Bxc6 bxc6 18. Na5 Rfc8 19. Bxf6 Bxf6 20. Rd7 c5 21. Nc4 Rd8 22. Rad1 Rxd7
23. Rxd7 Rd8 24. Rxd8+ Bxd8 25. Ne5 Bc7 26. Nc4 Kf8 27. Kf1 Ke7 28. h3 Kd7 29.
Ke2 Kc6 30. Kd3 f5 31. Ne3 h5 32. b3 Bf4 33. Nc4 Bc7 34. a4 a6 35. Ne3 Bf4 36.
b4 g5 37. Nc4 Bc7 38. f3 Bf4 39. Na5+ Kb6 40. Nb3 cxb4 41. cxb4 Bd6 42. Kc4 e5
43. Nc1 e4 44. fxe4 fxe4 45. Na2 Be5 46. Nc3 g4 47. hxg4 hxg4 48. Nxe4 g3 49.
Kd5 Bf4 50. Nd6 Bc1 51. Ke4 Kc6 52. Nc4 Bg5 53. Ne5+ Kb6 54. Kd5 Bf4 55. Nc4+
Kb7 56. Ke4 Bb8 57. Kd5 Bf4 58. Kc5 Bh6 59. Nd6+ Kc7 60. Nf5 Bf4 61. b5 axb5
62. axb5 Kb7 63. b6 Bc1 64. Nd6+ Kb8 65. Kc6 Bf4 66. Nc4 Ka8 67. Kb5 Kb7 68.
Na5+ Kc8 69. Ka6 Kd7 70. b7 Bb8 71. Kb6 Kd6 72. Nc6 Bc7+ 73. Kb5 Kd5 74. Ne7+
Kd4 75. Kc6 Bb8 76. Nf5+ Ke4 77. Nh4 Kf4 78. Kd7 Kg4 79. Nf3 1-0

[Event "2.BLO 1617 SC Forchheim - SK Passau"]
[Site "?"]
[Date "2016.12.03"]
[Round "5.7"]
[White "Offinger, Robert"]
[Black "Doeres, Hans-Juergen"]
[Result "1/2-1/2"]
[WhiteElo "2194"]
[BlackElo "2204"]
[PlyCount "55"]
[EventDate "2016.??.??"]

{H-H (Event "2. BLO SC Forchheim - SK Passau")} 1. d4 {[%emt 0:00:00]} d5 {
[%emt 0:00:00]} 2. c4 c6 3. Nf3 Nf6 4. e3 Bf5 5. Nc3 e6 6. Be2 h6 7. Bd3 Bxd3
8. Qxd3 Nbd7 9. O-O Be7 10. b3 O-O 11. Bb2 a5 12. Rfd1 Qc7 13. e4 dxe4 14. Nxe4
Nxe4 15. Qxe4 Nf6 16. Qc2 Rfd8 17. Rd3 a4 18. bxa4 Qa5 19. Rb3 Qxa4 20. Qe2 Qa6
21. Ne5 Nd7 22. Rg3 Bf6 23. Ra3 Qxa3 24. Bxa3 Rxa3 25. Rb1 Bxe5 26. dxe5 Rda8
27. Rb2 Nc5 28. h3 1/2-1/2

[Event "2.BLO 1617 SC Forchheim - SK Passau"]
[Site "?"]
[Date "2016.12.03"]
[Round "5.8"]
[White "Schulz, Lukas"]
[Black "Linhart, Wolfgang"]
[Result "0-1"]
[WhiteElo "2151"]
[BlackElo "2116"]
[PlyCount "136"]
[EventDate "2016.??.??"]

{H-H (Event "2. BLO SC Erlangen - SC Garching")} 1. e4 c5 2. Nc3 e6 3. g3 d5 4.
Bg2 Nf6 5. Nge2 d4 6. Nb1 Nc6 7. d3 Be7 8. O-O h5 9. h3 Qc7 10. f4 b6 11. a4
Bb7 12. Na3 a6 13. Bd2 Nd7 14. Nc4 b5 15. axb5 axb5 16. Rxa8+ Bxa8 17. Na3 Qb6
18. f5 e5 19. Kh2 Nf6 20. Bf3 Kd7 21. Ng1 Bb7 22. Bg5 c4 23. Bxf6 gxf6 24. dxc4
Bxa3 25. bxa3 bxc4 26. Bxh5 Ke7 27. h4 Ba6 28. g4 d3 29. cxd3 cxd3 30. Nh3 Qd4
31. Qb3 Bc4 32. Qb7+ Kd6 33. Qb1 Rb8 34. Qd1 Rb2+ 35. Kg3 Qxe4 36. Rf2 Qe3+ 37.
Rf3 Qd4 38. Bxf7 e4 39. Bxc4 Qxc4 40. Rf2 Rb3 41. h5 d2+ 42. Kh4 e3 43. Rg2 Nd4
44. Rxd2 exd2 45. Qxd2 Qc3 46. Qxc3 Rxc3 47. h6 Nf3+ 48. Kh5 Ne5 49. Nf2 Rc2
50. Nh3 Rc3 51. Nf2 Rf3 52. Ne4+ Ke7 53. Kh4 Rf4 54. h7 Rxg4+ 55. Kh3 Rg1 56.
Kh2 Nf3+ 57. Kh3 Rh1+ 58. Kg2 Rxh7 59. Kxf3 Rh1 60. Nd2 Rh3+ 61. Ke4 Rxa3 62.
Kd4 Ra5 63. Ke4 Ra4+ 64. Kf3 Kd6 65. Nf1 Ke5 66. Ng3 Rb4 67. Ke3 Rb3+ 68. Kf2
Ra3 0-1

[Event "2.BLO 1617 SC Erlangen - SC Garching"]
[Site "?"]
[Date "2016.12.03"]
[Round "5.1"]
[White "Stocek, Jiri"]
[Black "Wenninger, Philipp"]
[Result "1-0"]
[WhiteElo "2546"]
[BlackElo "2332"]
[PlyCount "61"]
[EventDate "2016.??.??"]

{H-H (Event "2. BLO SC Erlangen - SC Garching")} 1. e4 c6 2. d4 d5 3. Nd2 dxe4
4. Nxe4 Bf5 5. Ng3 Bg6 6. Nh3 e6 7. Nf4 Bd6 8. c3 Nf6 9. h4 Qc7 10. Qf3 Nbd7
11. h5 Bc2 12. h6 O-O-O 13. hxg7 Rhe8 14. Bd3 Bxd3 15. Nxd3 Bxg3 16. Bg5 e5 17.
Bxf6 e4 18. Qf5 exd3+ 19. Kf1 Qb6 20. b3 d2 21. fxg3 Qa6+ 22. Kg1 Re1+ 23. Kh2
Rxh1+ 24. Rxh1 Rg8 25. Be5 Qe2 26. Qxf7 Nxe5 27. dxe5 d1=Q 28. Rxd1 Qxd1 29.
Qxg8+ Kc7 30. Qf7+ Kb6 31. g8=Q 1-0

[Event "2.BLO 1617 SC Erlangen - SC Garching"]
[Site "?"]
[Date "2016.12.03"]
[Round "5.2"]
[White "Hilverda, Alexander"]
[Black "Bredl, Harald"]
[Result "1/2-1/2"]
[WhiteElo "2389"]
[BlackElo "2342"]
[PlyCount "87"]
[EventDate "2016.??.??"]

{H-H (Event "2. BLO SC Erlangen - SC Garching")} 1. d4 d5 2. c4 dxc4 3. Nf3 a6
4. e3 b5 5. a4 Bb7 6. b3 e6 7. bxc4 bxc4 8. Bxc4 Nf6 9. O-O c5 10. Ba3 Be7 11.
dxc5 Nbd7 12. c6 Bxc6 13. Nd4 Bxa3 14. Nxc6 Qc7 15. Nxa3 Qxc6 16. Be2 Qc5 17.
Qb3 O-O 18. Rfc1 Qf5 19. Qc2 Qa5 20. Qc6 h5 21. Nc4 Qf5 22. Nd6 Qa5 23. Nb7 Qf5
24. Nd6 Qa5 25. Rab1 h4 26. h3 Qg5 27. Rb7 Rfd8 28. Nc4 Rac8 29. Qxa6 Nc5 30.
Qb5 Nd5 31. Ra7 Qf6 32. Qb2 Qxb2 33. Nxb2 Nb3 34. Rxc8 Rxc8 35. Bc4 Nd2 36. Bd3
Rc1+ 37. Kh2 g5 38. Rb7 Nf1+ 39. Bxf1 Rxf1 40. Nd3 Ra1 41. Ra7 Ra2 42. e4 Nc3
43. Nc5 Re2 44. e5 1/2-1/2

[Event "2.BLO 1617 SC Erlangen - SC Garching"]
[Site "?"]
[Date "2016.12.03"]
[Round "5.3"]
[White "Seifert, Volker"]
[Black "Klek, Hanna Marie"]
[Result "0-1"]
[WhiteElo "2362"]
[BlackElo "2336"]
[PlyCount "56"]
[EventDate "2016.??.??"]

{H-H (Event "2. BLO SC Erlangen - SC Garching")} 1. d4 Nf6 2. c4 e6 3. Nc3 Bb4
4. Qc2 d5 5. a3 Bxc3+ 6. Qxc3 c5 7. dxc5 d4 8. Qc2 e5 9. e4 a5 10. Nf3 Qc7 11.
Bg5 Nfd7 12. b3 f6 13. Bh4 Nxc5 14. Nd2 Nc6 15. Bd3 h5 16. f3 Ne7 17. Bf2 h4
18. O-O-O Be6 19. Kb2 Rc8 20. Rc1 Kf7 21. Rhf1 Ng6 22. g3 hxg3 23. hxg3 Rh2 24.
f4 exf4 25. Nf3 Rg2 26. Ne1 Rxf2 27. Qxf2 fxg3 28. Qxd4 Qb6 0-1

[Event "2.BLO 1617 SC Erlangen - SC Garching"]
[Site "?"]
[Date "2016.12.03"]
[Round "5.4"]
[White "Miller, Eduard"]
[Black "Koepke, Christian"]
[Result "1-0"]
[WhiteElo "2320"]
[BlackElo "2311"]
[PlyCount "79"]
[EventDate "2016.??.??"]

{H-H (Event "2. BLO SC Erlangen - SC Garching")} 1. e4 c5 2. Nf3 d6 3. g3 Nc6
4. Bg2 g6 5. O-O Bg7 6. c3 e5 7. d3 Nge7 8. a3 O-O 9. b4 a6 10. Be3 b6 11. Qd2
f5 12. Qa2+ Kh8 13. Ng5 f4 14. Bc1 Qe8 15. Ne6 Bxe6 16. Qxe6 Rf6 17. Qb3 g5 18.
Qd1 Qg6 19. Bf3 Raf8 20. Nd2 Ng8 21. Nc4 b5 22. Nb6 fxg3 23. fxg3 g4 24. Bg2
Rxf1+ 25. Bxf1 Bh6 26. Nd5 Bxc1 27. Qxc1 Nh6 28. Be2 Nf7 29. Qe3 h5 30. Rf1 Kg7
31. Rf6 Qxf6 32. Nxf6 Kxf6 33. bxc5 Ng5 34. cxd6 Nh3+ 35. Kf1 Ke6+ 36. Ke1 Rf6
37. Qb6 Kxd6 38. d4 Ke7 39. Qc7+ Kf8 40. d5 1-0

[Event "2.BLO 1617 SC Erlangen - SC Garching"]
[Site "?"]
[Date "2016.12.03"]
[Round "5.5"]
[White "Levushkina, Elena"]
[Black "Merkert, Maximilian"]
[Result "0-1"]
[WhiteElo "2317"]
[BlackElo "2236"]
[PlyCount "100"]
[EventDate "2016.??.??"]

{H-H (Event "2. BLO SC Erlangen - SC Garching")} 1. e4 Nc6 2. Nf3 d6 3. d4 Nf6
4. Nc3 g6 5. d5 Nb8 6. Bc4 Bg7 7. h3 O-O 8. O-O a6 9. a4 a5 10. Re1 Na6 11. Be3
Re8 12. Qd2 e5 13. Bg5 Re7 14. Nh2 Qf8 15. Nb5 b6 16. c3 h6 17. Bh4 g5 18. Bg3
Nh5 19. Be2 Nf4 20. Bg4 f5 21. exf5 Qf7 22. Bxf4 gxf4 23. f6 Bxf6 24. Qd1 Kh8
25. Qf3 Bxg4 26. hxg4 Bg7 27. Nf1 Nc5 28. Nd2 e4 29. Qh3 Qxd5 30. Rad1 Qg5 31.
Nd4 d5 32. N2b3 Nxb3 33. Nxb3 c5 34. Nd2 Rae8 35. Re2 Bf6 36. Rde1 c4 37. Nf1
Kh7 38. Rd1 Re5 39. Red2 Rg8 40. Nh2 Be7 41. Qh5 Qxh5 42. gxh5 Rgg5 43. b3 cxb3
44. Rb2 Rxh5 45. Rxb3 Bc5 46. Rb2 Rhg5 47. Kf1 Kg7 48. Re2 Rh5 49. Kg1 Reg5 50.
Kh1 f3 0-1

[Event "2.BLO 1617 SC Erlangen - SC Garching"]
[Site "?"]
[Date "2016.12.03"]
[Round "5.6"]
[White "Liepold, Stefan"]
[Black "Schmitz, Thorsten"]
[Result "0-1"]
[WhiteElo "2191"]
[BlackElo "2301"]
[PlyCount "98"]
[EventDate "2016.??.??"]

{H-H (Event "2. BLO SC Erlangen - SC Garching")} 1. e4 e5 2. Nf3 Nc6 3. Bb5 a6
4. Ba4 Nf6 5. O-O b5 6. Bb3 Bb7 7. Re1 Bc5 8. c3 O-O 9. d4 Bb6 10. a4 d6 11.
Bg5 h6 12. axb5 axb5 13. Rxa8 Bxa8 14. Bh4 Re8 15. d5 Na5 16. Ba2 c6 17. Bxf6
Qxf6 18. dxc6 Bxc6 19. Na3 Rb8 20. Qd3 g5 21. h3 h5 22. Re2 Bd7 23. b4 Nb7 24.
Nxb5 g4 25. hxg4 hxg4 26. Nd2 Kg7 27. Nf1 Rh8 28. Ng3 Qh4 29. Rd2 Bxb5 30. Qxb5
Qxg3 31. Qxb6 Qh2+ 32. Kf1 Qh1+ 33. Ke2 Qxg2 34. Qe3 Rh3 35. Qg5+ Kf8 36. Qf5
Rf3 37. Qc8+ Kg7 38. Kd1 Qg1+ 39. Kc2 Rxf2 40. Bd5 Rxd2+ 41. Kxd2 Qf2+ 42. Kc1
Qf4+ 43. Kd1 g3 44. Qh3 Qf3+ 45. Kc2 Qf2+ 46. Kb3 g2 47. Qg4+ Kf6 48. Qd7 Kg5
49. Qe7+ Qf6 0-1

[Event "2.BLO 1617 SC Erlangen - SC Garching"]
[Site "?"]
[Date "2016.12.03"]
[Round "5.7"]
[White "Dehlinger, Alexander"]
[Black "Walter, Thomas"]
[Result "0-1"]
[WhiteElo "2278"]
[BlackElo "2178"]
[PlyCount "84"]
[EventDate "2016.??.??"]

{H-H (Event "2. BLO SC Erlangen - SC Garching")} 1. Nf3 c5 2. c4 b6 3. g3 Bb7
4. Bg2 Nf6 5. Nc3 g6 6. O-O Bg7 7. Re1 O-O 8. e4 d6 9. d4 cxd4 10. Nxd4 Nfd7
11. Be3 Na6 12. Qe2 Ndc5 13. Rab1 Qd7 14. Nd5 e6 15. Nc3 Nb4 16. Red1 f5 17. a3
Nba6 18. exf5 Bxg2 19. Kxg2 gxf5 20. Ndb5 Nb7 21. f3 Qe7 22. Rd2 Nac5 23. b4
Nd7 24. Bf2 Ne5 25. f4 Ng4 26. Nd5 Qf7 27. Ndc7 Rac8 28. Qxe6 a6 29. Qxf7+ Kxf7
30. Nxa6 Nxf2 31. Kxf2 Rxc4 32. Nac7 Rc8 33. Nd5 R8c6 34. Ne3 Re4 35. Nxf5 Bf8
36. Rbd1 d5 37. Rxd5 Kf6 38. Ne3 Rce6 39. Ng4+ Kf7 40. Rd7+ Re7 41. Ne5+ Ke6
42. Rxe7+ Bxe7 0-1

[Event "2.BLO 1617 SC Erlangen - SC Garching"]
[Site "?"]
[Date "2016.12.03"]
[Round "5.8"]
[White "Boettger, Lukas"]
[Black "Rusche, Johannes"]
[Result "1/2-1/2"]
[WhiteElo "2246"]
[BlackElo "2275"]
[PlyCount "107"]
[EventDate "2016.??.??"]

{H-H} 1. e4 e5 2. Nf3 Nc6 3. d4 exd4 4. Nxd4 Nf6 5. Nxc6 bxc6 6. e5 Qe7 7. Qe2
Nd5 8. c4 Nb6 9. Nc3 Qe6 10. Qe4 g6 11. Bd2 Bg7 12. O-O-O O-O 13. Re1 f5 14.
Qd3 Ba6 15. b3 Rab8 16. Qe3 Qe7 17. Kc2 Qa3 18. Bc1 Qa5 19. a3 f4 20. Qd4 c5
21. Qd2 Rbe8 22. Bb2 Rxe5 23. Bd3 d5 24. cxd5 Bxd3+ 25. Qxd3 Rxe1 26. Rxe1 f3
27. gxf3 c4 28. bxc4 Na4 29. Re7 Nxb2 30. Kxb2 Rb8+ 31. Kc2 Qxa3 32. Rxg7+ Kxg7
33. Qd4+ Kg8 34. Ne4 Qa2+ 35. Kd3 Rb3+ 36. Nc3 Qb1+ 37. Kd2 Rb2+ 38. Ke3 Qe1+
39. Kf4 Qxf2 40. Qf6 Qxh2+ 41. Ke3 Qh6+ 42. f4 Qh3+ 43. Kd4 Rd2+ 44. Kc5 Qe3+
45. Kb4 Rb2+ 46. Ka3 Rb8 47. Ka4 Qe8+ 48. Ka5 Rb6 49. Qe5 Qc8 50. Nb5 c6 51.
Nc7 cxd5 52. c5 Rb7 53. Qxd5+ Kh8 54. Qe5+ 1/2-1/2